Szczegóły MARC21

Miłość nie wystarczy : jak rozwiązywać nieporozumienia i konflikty małżeńskie /

003 -Nazwa inst., której nr kontr. jest w polu 001 [,]
    • @
    • Nazwa instytucji, której n kontrolny jest w polu 001
    • NUKAT
005 -DATA I CZAS OSTATNIEJ MODYFIKACJI [,]
    • @
    • pole kontrolne
    • 20241231113827.0
020 -Międzynarod. znormalizowany nr książki - ISBN [ , ]
    • a
    • Numer ISBN
    • 8385594396 Find
040 -Instytucja sporządzająca opis [ , ]
    • a
    • Instytucja, która sporządziła opis (NP)
    • Ł U/BIP
    • c
    • Instytucja, która sporządziła rekord (NP)
    • Ł U/BIP
    • d
    • Instytucja, która zmodyfikowała rekord (P)
    • Ł U/AS
    • d
    • Instytucja, która zmodyfikowała rekord (P)
    • Ł U/MRs
    • d
    • Instytucja, która zmodyfikowała rekord (P)
    • WA U/JKs
041 -Język dokumentu [1, ]
    • a
    • Język tekstu (P)
    • polski
    • h
    • Język tekstu oryginalnego i/lub pośredniego (P)
    • angielski
942 -Rodzaj dokumentu [ , ]
    • c
    • Rodzaj dokumentu
    • Książka
100 -Hasło główne - nazwa osobowa [1, ]
    • a
    • Nazwa osobowa (NP)
    • Beck, Aaron Temkin
    • d
    • Daty biograficzne (NP)
    • (1921-2021).
    • 9
    • KHW
    • 37606
240 -Tytuł ujednolicony [1,0]
    • a
    • Tytuł ujednolicony
    • Love is never enough
    • l
    • Język tekstu
    • (pol.)
    • 9
    • KHW
    • 98983
245 -Strefa tytułu i oznaczenia odpowiedzialności [1,0]
    • a
    • Tytuł
    • Miłość nie wystarczy : Find
    • b
    • Ciąg dalszy tytułu (NP)
    • jak rozwiązywać nieporozumienia i konflikty małżeńskie / Find
    • c
    • Pozostałe elementy strefy tytułu i oznaczenia odpowiedzialności (NP)
    • Aaron T. Beck ; przeł. Andrzej Jankowski.
260 -Strefa adresu wydawniczego [ , ]
    • a
    • Miejsce wydania (P)
    • Poznań :
    • b
    • Nazwa wydawcy (P)
    • Media Rodzina,
    • c
    • Data wydania (P)
    • 1996.
300 -Strefa opisu fizycznego [ , ]
    • a
    • Określenie formy książki i/lub objętość (NP)
    • 431 s. ;
    • c
    • Format (NP)
    • 21 cm.
336 -Typ zawartości [ , ]
    • a
    • Termin opisujący typ zawartości
    • Tekst
    • b
    • Kod określający zawartość
    • txt
    • 2
    • Źródło (terminu i kodu)
    • rdacontent
337 -Typ mediów [ , ]
    • a
    • Tryb odtwarzania
    • Bez urządzenia pośredniczącego
    • b
    • Kod typu mediów
    • n
    • 2
    • Źródło (terminu i kodu)
    • rdamedia
338 -Typ/rodzaj nośnika [ , ]
    • a
    • Hasło opisujące typ nośnika
    • Wolumin
    • b
    • Kod typu nośnika
    • nc
    • 2
    • Źródło (terminu i kodu)
    • rdacarrier
504 -Uwaga dot. bibliogr. załącznikowej [ , ]
    • a
    • Uwaga dot. bibliografii załącznikowej
    • Bibliogr. s. 428-431.
080 -Uniwersalna Klasyfikacja Dziesiętna [ , ]
    • a
    • Symbol klasyfikacji
    • 316.47
    • 2
    • Identyfikator wydania tablic
    • UDC-P058
    • 9
    • UKD
    • 2820
    • b
    • Dopowiedzenie
    • Stosunki społeczne. Stosunki interpersonalne. Stosunki międzyludzkie. Stosunki między grupami a jednostkami.
    • 4
    • UKD2
    • 29170
    • x
    • Poddział wspólny
    • -058.833
    • c
    • Dopowiedzenie poddz. wspólnego
    • Osoby zamężne. Małżeństwa
080 -Uniwersalna Klasyfikacja Dziesiętna [ , ]
    • a
    • Symbol klasyfikacji
    • 159.98
    • 2
    • Identyfikator wydania tablic
    • UDC-P058
    • 9
    • UKD
    • 2461
    • b
    • Dopowiedzenie
    • Psychologia stosowana. Psychotechnika.
650 -Hasło przedmiotowe [ ,7]
    • a
    • Hasło przedmiotowe
    • Komunikacja w małżeństwie.
    • 2
    • Źródło terminu
    • kaba
    • 9
    • KHW
    • 114896
650 -Hasło przedmiotowe [ ,7]
    • a
    • Hasło przedmiotowe
    • Konflikt interpersonalny.
    • 2
    • Źródło terminu
    • kaba
    • 9
    • KHW
    • 114998
650 -Hasło przedmiotowe [ ,7]
    • a
    • Hasło przedmiotowe
    • Małżeństwo
    • x
    • Określnik rzeczowy
    • aspekt psychologiczny.
    • 2
    • Źródło terminu
    • kaba
    • 9
    • KHW
    • 349714
650 -Hasło przedmiotowe [ ,7]
    • a
    • Hasło przedmiotowe
    • Miłość
    • x
    • Określnik rzeczowy
    • aspekt psychologiczny.
    • 2
    • Źródło terminu
    • kaba
    • 9
    • KHW
    • 363861
650 -Hasło przedmiotowe [ ,7]
    • a
    • Hasło przedmiotowe
    • Terapia małżeńska.
    • 2
    • Źródło terminu
    • kaba
    • 9
    • KHW
    • 133396
980 -Symbol UKD [ , ]
    • a
    • UKD
    • 316.47-058.833:159.98
700 -Hasło dodatkowe - nazwa osobowa [1, ]
    • a
    • Nazwa osobowa (NP)
    • Jankowski, Andrzej Find
    • c
    • Dopowiedzenie inne niż daty biograficzne (NP)
    • (tłumacz).
    • e
    • Określenie rodzaju współpracy
    • Tł.
    • 9
    • KHW
    • 7480
920 -ISBN [ , ]
    • a
    • ISBN
    • 83-85594-39-6 Find
Uwagi nie widoczne w OPAC Data inwentaryzacji Lokalizacja Status udost. Numer inwentarzowy
[n]retrokonwersja1997-08-05BG1Pd.10050
[n]retrokonwersja1998-03-16BNS-11F.27925